LEADER 01088cam0-2200337---450- 001 990004626720403321 005 20160902115449.0 010 $a3-487-09611-0$bv. 2 035 $a000462672 035 $aFED01000462672 035 $a(Aleph)000462672FED01 035 $a000462672 100 $a19990604f19009999km-y0itay50------ba 101 0 $ager 102 $aDE 105 $a--------001yy 200 1 $aLexikon deutschsprachiger Schriftsteller$evon den Anfängen bis zur Gegenwart$fBegründet von Günter Albrecht, Kurt Böttcher ... [et al.] 210 $aHildesheim ; Zürich$cOlms$d19- 215 $av.$d22 cm 327 0 $a2.: 20. Jahrhundert /hrsg. von Kurt Böttcher, Herbert Greiner-Mai...[et al.]. - 1993 610 0 $aLetteratura tedesca$aDizionari bio-bibliografici 676 $a830.3$v22$zita 702 1$aAlbrecht,$bGünter 702 1$aBöttcher,$bKurt 702 1$aGreiner-Mai,$bHerbert 801 0$aIT$bUNINA$gRICA$2UNIMARC 901 $aBK 912 $a990004626720403321 952 $a830.3 ALB 1(2)$bBibl.17961$fFLFBC 959 $aFLFBC 997 $aUNINA LEADER 00786nam2-22003011i-450- 001 990000174890403321 035 $a000017489 035 $aFED01000017489 035 $a(Aleph)000017489FED01 035 $a000017489 100 $a20011111d--------km-y0itay50------ba 101 0 $aita 105 $ay-------001yy 200 1 $a[Testo]. 470 p. 210 $aTorino$cPresso A.F. Negro$d1874- 215 $av.$d24 cm 461 0$1001000013250$12001$aOperazioni topografiche 610 0 $aTopografia 676 $a526.89 700 1$aCurioni,$bGiovanni$f<1831-1887>$06174 801 0$aIT$bUNINA$gRICA$2UNIMARC 901 $aBK 912 $a990000174890403321 952 $a13 AR 25 B 33$b9262$fFINBC 959 $aFINBC 996 $a470 p$9121304 997 $aUNINA DB $aING01